|
|
|
|
| LEADER |
01263nkm a2200313 a 4500 |
| 001 |
000587525 |
| 003 |
CZ BrMZK |
| 005 |
20080407135042.0 |
| 008 |
020218s2000 xr kncze d |
| 020 |
|
|
|a 80-86099-39-3
|q (karty)
|
| 040 |
|
|
|a BOA001
|c cze
|
| 041 |
1 |
|
|a cze
|h eng
|
| 072 |
|
7 |
|a 133
|x Ezoterismus. Okultismus
|2 Konspekt
|9 17
|
| 080 |
|
|
|a 133.3:794.43
|2 MRF
|
| 080 |
|
|
|a (035)
|2 MRF
|
| 100 |
1 |
|
|a Sharman-Burke, Juliet,
|d 1952-
|7 jx20060313018
|4 aut
|
| 245 |
1 |
0 |
|a Mytický Tarot
|h [grafika] :
|b [vykládací karty] : tarotové karty v novém pojetí /
|c Juliet Sharman-Burke, Liz Greene ; ilustrace karet - Tricia Newell ; [z anglického originálu přeložila Andrea Homolová]
|
| 260 |
|
|
|a Praha :
|b Synergie,
|c c2000
|
| 300 |
|
|
|a 78 karet v krabičce :
|b barev. ;
|c 13 x 8 x 3 cm +
|e 1 návod ( 54 s.)
|
| 520 |
|
|
|a Zobrazení: obrazy z řecké mytologie
|
| 650 |
0 |
7 |
|a tarot
|7 ph116402
|2 czenas
|
| 655 |
|
7 |
|a příručky
|7 fd133209
|2 czenas
|
| 700 |
1 |
|
|a Homolová, Andrea
|7 xx0037211
|4 trl
|
| 700 |
1 |
|
|a Newell, Tricia
|7 mzk2008443164
|4 ill
|
| 700 |
1 |
|
|a Green, Liz
|4 aut
|
| 765 |
0 |
|
|t <<The >>mythic tarot
|
| 910 |
|
|
|a BOA001
|b Z-1098.458
|
| 990 |
|
|
|a GP
|
| 996 |
6 |
|
|b 2610153619
|c Z-1098.458
|l MZK
|r Sklad / do 24 hodin
|n 3
|p p.v.
|w 000587525
|u 000010
|a 1
|e BOA001
|j MZK50
|s P
|